01946nam a2200349 a 450000100100000000500170001000800410002704000250006808200220009310000420011524500810015726000710023830000210030949000130033050000640034350000560040750400310046359000260049465000530052065000280057365000590060165000310066071000610069183000190075291000380077195201340080995201340094395201340107795201800121195201900139199900150158100000953820251120073732.0090902s1977 dr 000 p spa d aDO-SdBNPbspacBNPHU aRD861.4409bR789p1 aRosario Candelier, Bruno,d1941-985110aLo popular y lo oculto en la poesía dominicana /cBruno Rosario Candelier. aSantiago de los Caballeros, República Dominicana :bUCMM,c1977. a372 p. ;c24 cm.1 aEstudios aIncluye datos biográficos del autor en la contracubierta. aIncluye bibliografía y notas al pie de páginas. aBibliografía: p.365-372. aInventariado, 2019/LP 4aPoesía dominicanaxHistoria y crítica913072 0aEnsayos dominicanos965 4aAutores dominicanosxCrítica e interpretación9158 0aLiteratura dominicana.9672 aPontificia Universidad Católica Madre y Maestra 9843 0aEstudios93854 aValidado. Control de calidad EMS. 001054708DSaGRbGRcHDd2010-07-13iLF1l0oRD861.4409 R789pp9538-30r2020-06-25te. 3w2020-06-25yLFDSZPréstamo en sala 001054708DSaGRbGRcHDd2013-05-09iLF1l0oRD861.4409 R789pp9538-40r2020-06-25te. 4w2020-06-25yLFDSZPréstamo en sala 001054708DSaGRbGRcHDd2013-05-09iLF1l0oRD861.4409 R789pp9538-50r2020-06-25te. 5w2020-06-25yLFDSZPréstamo en sala 0010718PDaPDbPDcHDd2009-09-30iLF1l0oRD861.4409 R789pp9538-10r2020-06-25w2020-06-25yLFPDzPertenecio a la biblioteca personal de German Emilio Ornes.ZNo se presta 0010718PDaPDbPDcHDd2010-07-13iLF1l0oRD861.4409 R789pp9538-20r2020-06-25te. 2w2020-06-25yLFPDzPertenecio a la biblioteca personal Aida Cartagena Portalatin.ZNo se presta c9298d9298